[Event "X GRAN TORNEO INTERNACIONAL AFICIONADOS S-2300 "]
[Site "Benidorm (Alicante - SPAIN)"]
[Date "2011.12.10"]
[Round "10"]
[Board "1"]
[White "San Emeterio Rubio, Jose"]
[Black "Carrascoso Morales, Abel"]
[Result "0-1"]
[WhiteElo "2025"]
[BlackElo "2256"]
[PlyCount "52"]
[EventDate "2011.12.02"]
[EventRounds "10"]
[EventCountry "ESP"]

1. e4 d6 2. d4 Nf6 3. Bd3 e5 4. c3 d5 5. dxe5 dxe4 6. exf6 exd3 7. Be3 gxf6 8.
Nd2 Nc6 9. Qh5 Be6 10. Ngf3 Qd5 11. Qh4 O-O-O 12. Qxf6 Rg8 13. Rg1 Rg6 14. Qh4
Rg4 15. Qxh7 Be7 16. h3 Rg6 17. h4 Bf6 18. h5 Rg4 19. Nh2 Rxg2 20. Rxg2 Qxg2
21. Nhf1 Bg4 22. Qxf7 Bh4 23. h6 Ne5 24. Qf4 Re8 25. Nh2 Nf3+ 26. Kd1 Nxh2+ 0-1

[Event "X GRAN TORNEO INTERNACIONAL AFICIONADOS S-2300 "]
[Site "Benidorm (Alicante - SPAIN)"]
[Date "2011.12.10"]
[Round "10"]
[Board "1"]
[White "Vaarala, Eric"]
[Black "Ferrer Sanchez, Pedro Jesus"]
[Result "1-0"]
[WhiteElo "2226"]
[BlackElo "2156"]
[PlyCount "59"]
[EventDate "2011.12.02"]
[EventRounds "10"]
[EventCountry "ESP"]

1. e4 c5 2. Nf3 d6 3. d4 cxd4 4. Nxd4 Nf6 5. Nc3 a6 6. h3 e5 7. Nde2 Be7 8. g4
Be6 9. Bg2 O-O 10. Ng3 Nc6 11. Nd5 Ne8 12. Be3 Bg5 13. Bb6 Qd7 14. c3 Ne7 15.
Qd3 Ng6 16. Be3 Nf4 17. Bxf4 exf4 18. Nf5 Rd8 19. h4 Bf6 20. Nxf4 Be5 21. Nd5
Bxd5 22. exd5 Nf6 23. O-O Nxg4 24. Bh3 h5 25. f3 g6 26. Nh6+ Kg7 27. fxg4 Qa4
28. Nxf7 Rxf7 29. Rxf7+ Kxf7 30. gxh5 1-0

[Event "X GRAN TORNEO INTERNACIONAL AFICIONADOS S-2300 "]
[Site "Benidorm (Alicante - SPAIN)"]
[Date "2011.12.10"]
[Round "10"]
[Board "1"]
[White "Arias Igual, Alejandro"]
[Black "Cano Gimenez, Vicente"]
[Result "1/2-1/2"]
[WhiteElo "2123"]
[BlackElo "2197"]
[PlyCount "61"]
[EventDate "2011.12.02"]
[EventRounds "10"]
[EventCountry "ESP"]

1. d4 Nf6 2. Nf3 c5 3. e3 g6 4. Bd3 Bg7 5. O-O O-O 6. c3 d6 7. h3 Nc6 8. e4
cxd4 9. cxd4 Qb6 10. d5 Nb4 11. Be3 Qd8 12. Nc3 Nxd3 13. Qxd3 Bd7 14. Bd4 Qa5
15. b4 Qxb4 16. Rab1 Qa3 17. Rxb7 Rfc8 18. Rfb1 Qa5 19. R1b3 Rc7 20. Bb6 axb6
21. Rxc7 b5 22. Rc6 b4 23. Nb5 Bxc6 24. dxc6 Ne8 25. Qc4 Rc8 26. Rxb4 Qb6 27.
Nbd4 Qc5 28. Qb3 Bxd4 29. Nxd4 Qc1+ 30. Kh2 Qf4+ 31. Kg1 1/2-1/2

[Event "X GRAN TORNEO INTERNACIONAL AFICIONADOS S-2300 "]
[Site "Benidorm (Alicante - SPAIN)"]
[Date "2011.12.10"]
[Round "10"]
[Board "1"]
[White "O`neill Y Daneiko, Jose Antonio"]
[Black "Gonzalez Gonzalez, Alfonso"]
[Result "1/2-1/2"]
[WhiteElo "2091"]
[BlackElo "2179"]
[PlyCount "35"]
[EventDate "2011.12.02"]
[EventRounds "10"]
[EventCountry "ESP"]

1. e4 c5 2. Nf3 Nc6 3. Nc3 e6 4. d4 cxd4 5. Nxd4 Nf6 6. Nxc6 bxc6 7. e5 Nd5 8.
Ne4 f5 9. exf6 Nxf6 10. Nd6+ Bxd6 11. Qxd6 Qb6 12. Bd3 c5 13. Bf4 Nd5 14. Be5
Bb7 15. O-O Qxd6 16. Bxd6 Rc8 17. c4 Nb4 18. Rfd1 1/2-1/2

[Event "X GRAN TORNEO INTERNACIONAL AFICIONADOS S-2300 "]
[Site "Benidorm (Alicante - SPAIN)"]
[Date "2011.12.10"]
[Round "10"]
[Board "1"]
[White "Jovic, Stevan"]
[Black "Cucarella Montell, Angels"]
[Result "1-0"]
[WhiteElo "2293"]
[BlackElo "1923"]
[PlyCount "39"]
[EventDate "2011.12.02"]
[EventRounds "10"]
[EventCountry "ESP"]

1. d4 d5 2. c4 e6 3. Nc3 Nf6 4. Nf3 c5 5. cxd5 exd5 6. Bg5 Nc6 7. Bxf6 gxf6 8.
e3 c4 9. Nd2 Be6 10. Nxc4 Nxd4 11. exd4 dxc4 12. d5 Bf5 13. Bxc4 Qd6 14. Qf3
Bd7 15. O-O f5 16. Bb5 O-O-O 17. Bd3 Qf6 18. a4 h5 19. Nb5 Kb8 20. Qf4+ 1-0

[Event "X GRAN TORNEO INTERNACIONAL AFICIONADOS S-2300 "]
[Site "Benidorm (Alicante - SPAIN)"]
[Date "2011.12.10"]
[Round "10"]
[Board "1"]
[White "Quimi, Marco"]
[Black "Parals Marce, Luis"]
[Result "1-0"]
[WhiteElo "2163"]
[BlackElo "2007"]
[PlyCount "58"]
[EventDate "2011.12.02"]
[EventRounds "10"]
[EventCountry "ESP"]

1. e4 e6 2. d4 d5 3. e5 c5 4. c3 Nc6 5. Nf3 Qb6 6. a3 Nh6 7. b4 cxb4 8. cxb4
Nf5 9. Bb2 Bd7 10. Be2 Rc8 11. O-O Be7 12. Kh1 O-O 13. Bd3 f6 14. Bxf5 exf5 15.
Nc3 Kh8 16. Na4 Qb5 17. Nc5 Be8 18. Nd3 Qb6 19. Qd2 Rg8 20. Rfc1 Bd7 21. Nc5
Rcd8 22. Bc3 a6 23. a4 Na7 24. b5 Nc8 25. Ba5 Qa7 26. Bxd8 Rxd8 27. bxa6 bxa6
28. Rab1 Qa8 29. Qa5 Bc6 1-0

[Event "X GRAN TORNEO INTERNACIONAL AFICIONADOS S-2300 "]
[Site "Benidorm (Alicante - SPAIN)"]
[Date "2011.12.10"]
[Round "10"]
[Board "1"]
[White "Nieto Asencio, Maria Del Carmen"]
[Black "Vinals, Rioja Jaume"]
[Result "1/2-1/2"]
[WhiteElo "2009"]
[BlackElo "2039"]
[PlyCount "42"]
[EventDate "2011.12.02"]
[EventRounds "10"]
[EventCountry "ESP"]

1. d4 d5 2. Nf3 Nf6 3. e3 g6 4. Bd3 Bg7 5. O-O Bg4 6. Nbd2 O-O 7. c3 Nbd7 8. h3
Bxf3 9. Nxf3 c6 10. b4 Qc7 11. Rb1 b5 12. Bb2 Nb6 13. Nd2 Nc4 14. Bxc4 bxc4 15.
f4 Qd7 16. Qc2 Qe6 17. Rbe1 Ne4 18. Nxe4 dxe4 19. a4 f5 20. Ba3 a6 21. Rb1 Rfb8
1/2-1/2

[Event "X GRAN TORNEO INTERNACIONAL AFICIONADOS S-2300 "]
[Site "Benidorm (Alicante - SPAIN)"]
[Date "2011.12.10"]
[Round "10"]
[Board "1"]
[White "Rios Garcia, Miguel"]
[Black "Soler Di Benedetto, Sandra"]
[Result "0-1"]
[WhiteElo "2006"]
[BlackElo "1971"]
[PlyCount "49"]
[EventDate "2011.12.02"]
[EventRounds "10"]
[EventCountry "ESP"]

1. e4 c5 2. b4 cxb4 3. a3 Nc6 4. Bc4 e6 5. d4 d5 6. Bd3 dxe4 7. Bxe4 Nf6 8.
Bxc6+ bxc6 9. axb4 Bxb4+ 10. c3 Be7 11. f4 O-O 12. Nf3 c5 13. O-O Bb7 14. Kh1
Qd5 15. Na3 Rac8 16. c4 Qh5 17. Nc2 a6 18. Qe2 Rfd8 19. dxc5 Ne4 20. Kg1 Bxc5+
21. Ne3 Nd6 22. Kh1 Bxe3 23. Bxe3 Nxc4 24. Bf2 Nd2 25. Qe3 0-1

[Event "X GRAN TORNEO INTERNACIONAL AFICIONADOS S-2300 "]
[Site "Benidorm (Alicante - SPAIN)"]
[Date "2011.12.10"]
[Round "10"]
[Board "1"]
[White "Garcia, Esteban Ignacio"]
[Black "Alvarez Escudero, Manuel"]
[Result "1/2-1/2"]
[WhiteElo "1982"]
[BlackElo "1835"]
[PlyCount "21"]
[EventDate "2011.12.02"]
[EventRounds "10"]
[EventCountry "ESP"]

1. e4 e5 2. Nf3 Nc6 3. Bb5 d6 4. d4 exd4 5. Nxd4 Bd7 6. Bxc6 bxc6 7. O-O Nf6 8.
Re1 Be7 9. c4 c5 10. Nf3 Ng4 11. h3 1/2-1/2